Método completo para teclados
Saved in:
| Hovedforfatter: | |
|---|---|
| Format: | Bog |
| Sprog: | spansk |
| Udgivet: |
Barcelona
Parramón
2010
|
| Udgivelse: | 2ª ed. |
| Fag: | |
| Tags: |
Tilføj Tag
Ingen Tags, Vær først til at tagge denne postø!
|
MARC
| LEADER | 00000nam a22000005a 4500 | ||
|---|---|---|---|
| 003 | CL-ChBUA | ||
| 005 | 20120815095522.0 | ||
| 008 | 110620s2010 sp ||||| |||| 000 ||spa | ||
| 020 | |a 9788434227187 | ||
| 040 | |a CL-ChBUA |c CL-ChBUA | ||
| 082 | 0 | 0 | |a 786.2 |
| 090 | |c 28426 |d 28426 | ||
| 100 | 1 | |a Burrows, Terry | |
| 245 | 1 | 0 | |a Método completo para teclados |
| 250 | |a 2ª ed. | ||
| 260 | |a Barcelona |b Parramón |c 2010 | ||
| 300 | |a 192 p. |c 28 cm. |e Cont.: 1CD | ||
| 501 | |a índice, glosario, il. | ||
| 648 | 4 | |v PIANO - METODOS | |
| 648 | 4 | |a PIANO - ESTUDIOS Y EJERCICIOS | |
| 942 | |c LIB | ||
| 952 | |0 0 |1 0 |4 0 |7 0 |9 66884 |a UNACH |b UNACH |c 700 |d 2011-06-20 |i 47.272 |l 6 |m 3 |o 786.2 / B 972 |p 68016 |r 2026-03-24 17:17:10 |s 2026-03-11 |u 66884 |w 2012-08-08 |y LIB |k 786.2 / B 972 | ||
| 999 | |c 28426 |d 28426 | ||